000 00572nam a2200193Ia 4500
008 151121s9999||||xx |||||||||||||| ||und||
082 _a833/नन्दा
082 _bHNW-44832
100 _aनन्दा गुलशन
245 _aपाले खां
260 _b"सरस्वती विहार , दिल्ली"
260 _c--
300 _a255
600 _aनन्दा गुलशन
630 _aपाले खां
700 _aनन्दा गुलशन
730 _aपाले खां
942 _cBOOK
999 _c1232245
_d1232242